|
|
|
|
| LEADER |
00000nam0a2200000 4500 |
| 001 |
112242 |
| 005 |
20231031121407.0 |
| 035 |
|
|
|a (RuTPU)RU\TPU\book\121344
|
| 090 |
|
|
|a 112242
|
| 100 |
|
|
|a 20070326d1960 km y0rusy50 ca
|
| 101 |
0 |
|
|a rus
|
| 102 |
|
|
|a RU
|
| 105 |
|
|
|a y a 001zy
|
| 200 |
1 |
|
|a Указатель статей ко второй серии "Записок Всесоюзного минералогического общества", изданных с 1912 по 1957 год
|f Библиотека Академии наук СССР; сост. Л. Г. Герц; под ред. С. П. Соловьева
|
| 210 |
|
|
|a Ленинград
|c Изд-во БАН
|d 1960
|
| 215 |
|
|
|a 140 с.
|
| 320 |
|
|
|a Указ. имен: с. 132 - 140
|
| 610 |
1 |
|
|a библиографические указатели
|
| 610 |
1 |
|
|a геологические науки
|
| 610 |
1 |
|
|a минералогия
|
| 610 |
1 |
|
|a кристаллография
|
| 610 |
1 |
|
|a геохимия
|
| 610 |
1 |
|
|a петрология
|
| 610 |
1 |
|
|a палеонтология
|
| 610 |
1 |
|
|a полезные ископаемые
|
| 675 |
|
|
|a 016:55
|v 3
|
| 686 |
|
|
|a Я19:55
|v LBC/SL-A
|2 rubbk
|
| 702 |
|
1 |
|a Герц
|b Л. Г.
|4 220
|
| 702 |
|
1 |
|a Соловьев
|b С. П.
|4 340
|
| 712 |
0 |
2 |
|a Академия наук СССР (АН СССР)
|b Библиотека (БАН)
|c (Ленинград)
|2 stltpush
|3 (RuTPU)RU\TPU\col\343
|
| 801 |
|
1 |
|a RU
|b 63413507
|c 20070326
|g PSBO
|
| 801 |
|
2 |
|a RU
|b 63413507
|c 20221116
|g PSBO
|
| 942 |
|
|
|c BK
|